| 000 | 00750nam a22002057a 4500 | ||
|---|---|---|---|
| 003 | OSt | ||
| 005 | 20240527153338.0 | ||
| 008 | 240523b ||||| |||| 00| 0 eng d | ||
| 040 | _cAIMIT LIBRARY | ||
| 100 |
_aDsouza, Jeshtan Vishwas. _e2016055 _9167042 |
||
| 245 |
_aStudy on financial performance of new Mangalore port trust, Mangalore / _cBy Jeshtan Vishwas Dsouza ; Guided by Rowena Wright. |
||
| 260 |
_aMangalore ; _c2022. |
||
| 650 |
_aIndustry profile company profile and introduction to study _9168027 |
||
| 650 |
_aLiterature review _9168028 |
||
| 650 |
_aProblem identification _9168029 |
||
| 650 |
_aResearch methodology _9168030 |
||
| 700 |
_aWright, Rowena. _eGuide _9167043 |
||
| 856 | _3New Mangalore port trust | ||
| 942 |
_2ddc _cPRO |
||
| 999 |
_c230885 _d230885 |
||